| 000 | 00997nam a2200277 a 4500 | ||
|---|---|---|---|
| 001 | 000040114 | ||
| 003 | DO-SdBNP | ||
| 005 | 20250318103055.0 | ||
| 008 | 130808s1989 cl 000 0 spa d | ||
| 020 | _a9589012439 | ||
| 040 |
_aDO-SdBNP _bspa _cBNPHU |
||
| 082 |
_a946.04 _bP979e |
||
| 100 | 1 |
_aPuiggrós, Rodolfo _962189 |
|
| 245 | 1 | 3 |
_aLa españa que conquistó el nuevo mundo / _cRodolfo Puiggrós. |
| 260 |
_aBogotá : _bEl Áncora, _c1989. |
||
| 300 |
_a207 p. ; _c22 cm. |
||
| 500 | _aIncluye datos biográficos del autor en la solapa de la cubierta | ||
| 500 | _aIncluye referencias bibliográficas y notas al pie de las páginas | ||
| 504 | _aBibliografía : p. 201-207 | ||
| 651 | 4 |
_aEspaña _xHistoria _y711-1516 _915648 |
|
| 651 | 4 |
_aEspaña _xHistoria _yCHARLES I, 1516-1556 _962194 |
|
| 651 | 4 |
_aAmérica _xCivilización _916957 |
|
| 651 | 0 |
_aAmérica -- _xDescubrimiento y exploración -- _xEspañoles _9544 |
|
| 910 | _aValidado. Control de calidad MFF | ||
| 942 |
_2ddc _cLBS1 |
||
| 999 |
_c39604 _d39604 |
||